Statistiques concernant Géographie européenne par lettre - M

Cliquez ici pour prendre le quiz!

Statistiques générales

  • Ce quiz a été pris 823 fois
  • Le résultat moyen est 13 sur 20

Statistiques - réponses

indicerépondre% Correct
Troisième ville d'AngleterreManchester
95%
Accueil à deux clubs de football: Real et AtléticoMadrid
93%
Mer à la frontière sud de l'EuropeMéditerranée
93%
Capitale de la BiélorussieMinsk
90%
Capitale de la BavièreMunich
89%
Le pays le plus pauvre d'EuropeMoldavie
88%
Pays des BalkansMacédoine
86%
Pays des BalkansMonténégro
84%
МоскваMoscou
79%
Le pays le plus densément peuplé du mondeMonaco
72%
Ville française en Moselle près de LuxembourgMetz
69%
La plus grande des îles BaléaresMajorque
64%
Maison de théâtre d'opéra « la Scala »Milan
56%
Rivière française, un site de bataille
de la Première Guerre mondiale
Marne
55%
Malte en maltaisMalta
54%
Rivière sur laquelle se trouve FrancfortMain
53%
Ville suédoise par le pont d'ØresundMalmö
50%
Istanbul est sur cette merMer de {Marmara}
42%
Le Cervin en allemandeMatterhorn
13%
Marseille en provençalMarselha
4%

Distribution des résultats

Percentile par nombre de réponses

% des personnes avec chaque résultat

Votre développement - résultats

Vous n’avez pas pris ce quiz